Представление документа в формате MARC21

Поле Инд. ПП Название Значение
Тип записи a
Библиографический уровень m
001 Контрольный номер RU/IS/BASE/241626049
005 Дата корректировки 20230628170717.2
040 b Код языка каталог. rus
041 0_ a Код языка текста rus
080 00 a Индекс УДК 004.42
084 a Индекс другой классификации/Индекс ББК 32.973.26-018.2
090 00 a Полочн. индекс 681.3
x Авторский знак К38
097 b Оператор 11
100 10 a Автор Киевский С. В.
245 00 a Заглавие Самоучитель по работе с программой "1С:Бухгалтерия"
b Продолж. заглавия для пользователей локальных и сетевых версий: 5.0 и проф.-2.0 для DOS,6.0 и проф-6.0 для Windows и Windows 95
250 00 a Основные сведения об издании 2-е изд., перераб. и доп.
260 00 a Место издания М.
b Издательство КомпьютерПресс
c Дата издания 1998
300 00 a Объем 287 с.
b Иллюстрации/ тип воспроизводства рис.
510 0_ a Примечание о ссылках Книги и методические пособия
650 04 a Основная рубрика 50.41 Программное обеспечение вычислительных машин, комплексов и сетей
x Основная подрубрика 50.41.25 Прикладное программное обеспечение
653 0_ a Ключевые слова 1С:Бухгалтерия; программы (выч. техника); прикладные программы; работа на компьютере
901 t Тип документа m